EDI zabezpečuje presné informácie, šetrí čas a znižuje chybovosť
Dôležitosť využívania EDI (Electronic Data Interchange – elektronická výmena údajov) pre zabezpečenie rýchlosti a presnosti ako kľúčových faktorov vo svete e-commerce, ktoré rástlo v poslednej dobe rýchlym tempom aj v dôsledku pandémie ochorenia COVID‑19 spôsobeného novým koronavírusom. Automatické...
Enregistré dans:
| Auteur principal: | |
|---|---|
| Format: | Chapitre de livre |
| Langue: | slovaque |
| Sujets: | |
| Tags: |
Pas de tags, Soyez le premier à ajouter un tag!
|
MARC
| LEADER | 00000naa a2200000 4500 | ||
|---|---|---|---|
| 001 | 0278279 | ||
| 005 | 20210905221143.6 | ||
| 041 | 0 | |a slo | |
| 044 | |a CZ | ||
| 245 | 1 | 0 | |a EDI zabezpečuje presné informácie, šetrí čas a znižuje chybovosť |c Tomáš Szmrecsányi |
| 520 | |a Dôležitosť využívania EDI (Electronic Data Interchange – elektronická výmena údajov) pre zabezpečenie rýchlosti a presnosti ako kľúčových faktorov vo svete e-commerce, ktoré rástlo v poslednej dobe rýchlym tempom aj v dôsledku pandémie ochorenia COVID‑19 spôsobeného novým koronavírusom. Automatické a rýchle vybavenie obrovského množstva dokladov s vysokým množstvom položiek v e-shopoch vďaka EDI. Rýchla akceptácia faktúr. EDI ako etablované riešenie pre nákup tovaru na úrovni všetkých prepojených procesov. Automatizácia dodávateľsko-odberateľského reťazca na úrovni manuálnych operácií s dokladmi a komunikácie s nimi spojenou v e-commerce pomocou EDI. Logistika ako prvý iniciátor zavedenia EDI v online obchode pre zrýchlenie príjmu tovaru od dodávateľov. | ||
| 610 | 2 | 0 | |a logistika |
| 610 | 2 | 0 | |a logistika elektronická |
| 610 | 2 | 0 | |a spracovanie dát automatické |
| 610 | 2 | 0 | |a automatizácia |
| 610 | 2 | 0 | |a obchod elektronický |
| 610 | 2 | 0 | |a reťazce dodávateľsko-odberateľské |
| 610 | 2 | 0 | |a technológie informačné |
| 100 | 1 | |a Szmrecsányi, Tomáš | |